000 00536nam a22001577a 4500
003 OSt
005 20160322150702.0
008 160322b xxu||||| |||| 00| 0 eng d
040 _cRUA
082 _aAGR POL 2004 B473 Or.1
100 _98114
_aPOL DINA; ប៉ុល ឌីណា
245 _aប្រព័ន្ធក្សេត្រ-បរិស្ថាន ឃុំកណ្ដាល ស្រុកកំពត ខេត្តកំពត
260 _aPhnom Penh
_bRUA
_c2004
300 _a51p.
_bill.
_c29cm.
942 _2ddc
_cAGR
999 _c7722
_d7722